[Event "IND-ch (Women) 30th"]
[White "Saheli, Nath"]
[Black "Pratihba, Yuvaraj"]
[Site "Calicut"]
[Round "6"]
[Result "1/2-1/2"]
[Date "2003.11.12"]
[WhiteElo "2127"]
[BlackElo "2231"]
[PlyCount "202"]
[EventDate "2003.11.09"]
[EventType "tourn"]
[EventRounds "17"]
[EventCountry "IND"]
[SourceTitle "EXT 2004"]
[Source "ChessBase"]
[SourceDate "2003.11.25"]
[SourceVersion "1"]
[SourceVersionDate "2003.11.25"]
[SourceQuality "1"]

1. e4 e6 2. d4 d5 3. e5 c5 4. c3 Qb6 5. Nf3 Bd7 6. Be2 Bb5 7. 0-0 Bxe2 8. Qxe2 a5 9. Be3 Nc6 10. dxc5 Bxc5 11. Bxc5 Qxc5 12. Na3 Nge7 13. Nb5 0-0 14. a4 Na7 15. Nbd4 Rab8 16. Rfe1 Nec6 17. Qd3 h6 18. Nb5 b6 19. Nfd4 Nxb5 20. Nxb5 Rfd8 21. Rad1 Rd7 22. Re3 Rbd8 23. Nd4 Nxd4 24. Qxd4 Qxd4 25. Rxd4 Rc8 26. g3 b5 27. Kg2 Rb7 28. Re2 Rcb8 29. axb5 Rxb5 30. Rdd2 Rb3 31. Rc2 Rc8 32. Red2 Rc4 33. f4 a4 34. Rd3 g6 35. Kf2 Kg7 36. Ke3 Re4+ 37. Kf3 g5 38. h4 Kg6 39. hxg5 hxg5 40. Kg4 Rc4 41. Rcd2 a3 42. bxa3 Rxa3 43. Rc2 Rb3 44. Rc1 Rb2 45. Kf3 gxf4 46. gxf4 Kf5 47. Rd4 Rxd4 48. cxd4 Rb3+ 49. Ke2 Kxf4 50. Rh1 Rg3 51. Rh7 Ke4 52. Rh4+ Kf5 53. Rh7 Kg6 54. Rh8 Ra3 55. Rg8+ Kf5 56. Rh8 Rg3 57. Rh2 Rg4 58. Ke3 Rg3+ 59. Ke2 Ra3 60. Rh1 Kf4 61. Rh4+ Kg5 62. Rh1 Kf5 63. Rh6 Rb3 64. Rh1 Rg3 65. Rh2 Rg5 66. Kd3 Kg6 67. Rf2 Rg3+ 68. Ke2 Kg7 69. Kd2 Rg6 70. Kc3 f6 71. exf6+ Rxf6 72. Rg2+ Rg6 73. Rf2 Rg4 74. Kd3 Rg3+ 75. Ke2 Ra3 76. Rf1 Kg6 77. Kd2 Rg3 78. Re1 Kf5 79. Re5+ Kf6 80. Kc2 Rg5 81. Re1 Rf5 82. Kc3 Ke7 83. Re3 Kd6 84. Kd3 Rf6 85. Re1 Rf3+ 86. Kd2 Ra3 87. Re5 Ra2+ 88. Kc3 Ra1 89. Kd3 Rc1 90. Kd2 Rf1 91. Kc3 Rf5 92. Re3 Rg5 93. Kd3 e5 94. dxe5+ Rxe5 95. Rxe5 Kxe5 96. Ke3 d4+ 97. Kd2 Ke4 98. Ke2 d3+ 99. Kd1 Kd4 100. Kd2 Kc4 101. Kd1 Kc3 1/2-1/2

[Event "IND-ch (Women) 30th"]
[White "Saheli, Nath"]
[Black "Koneru, Humpy"]
[Site "Calicut"]
[Round "2"]
[Result "0-1"]
[Date "2003.11.10"]
[WhiteElo "2127"]
[BlackElo "2485"]
[PlyCount "70"]
[EventDate "2003.11.09"]
[EventType "tourn"]
[EventRounds "17"]
[EventCountry "IND"]
[SourceTitle "EXT 2004"]
[Source "ChessBase"]
[SourceDate "2003.11.25"]
[SourceVersion "1"]
[SourceVersionDate "2003.11.25"]
[SourceQuality "1"]

1. e4 c5 2. Nf3 e6 3. d4 cxd4 4. Nxd4 a6 5. Nc3 Qc7 6. g3 Bb4 7. Nde2 Nf6 8. Bg2 0-0 9. 0-0 Be7 10. Be3 Ng4 11. Bf4 Ne5 12. Nd4 d6 13. Bxe5 dxe5 14. Nb3 Nc6 15. Ne2 Rd8 16. Qc1 b5 17. c3 a5 18. Qe3 a4 19. Nd2 b4 20. Rfd1 Ba6 21. Nf3 Na5 22. cxb4 Bxb4 23. Bf1 Bc5 24. Qc3 Qb6 25. Nxe5 Bxf2+ 26. Kh1 Bb7 27. Bg2 f6 28. Ng4 Bc5 29. Rac1 Bb4 30. Qf3 f5 31. Nf2 Rxd1+ 32. Rxd1 Bc5 33. Rf1 Nc4 34. Nf4 Nd2 35. Qh5 Nxf1 0-1

[Event "World ol U16"]
[White "Saheli, Nath"]
[Black "Papp, Gabor"]
[Site "Denizli"]
[Round "10"]
[Result "0-1"]
[Date "2003.08.10"]
[WhiteElo "2102"]
[BlackElo "2376"]
[PlyCount "100"]
[EventDate "2003.08.02"]
[EventType "team-swiss"]
[EventRounds "10"]
[EventCountry "TUR"]
[SourceTitle "CBM 095 Extra"]
[Source "ChessBase"]
[SourceDate "2003.09.04"]
[SourceVersion "1"]
[SourceVersionDate "2003.09.04"]
[SourceQuality "1"]

1. e4 c5 2. Nf3 e6 3. d4 cxd4 4. Nxd4 Nf6 5. Nc3 Qb6 6. Nb3 Bb4 7. Bd3 d6 8. Bd2 Bxc3 9. Bxc3 e5 10. 0-0 0-0 11. Kh1 Nbd7 12. Qe2 Qc7 13. Rad1 b6 14. f3 a6 15. Be1 Bb7 16. c4 Nc5 17. Nxc5 dxc5 18. Bc3 Nd7 19. Bc2 Rfd8 20. Rd2 Nf8 21. Rfd1 Ne6 22. Rxd8+ Rxd8 23. Rxd8+ Nxd8 24. Kg1 Ne6 25. Kf2 f6 26. b3 a5 27. a4 Kf7 28. Qd2 Qe7 29. g3 Bc6 30. Qd3 Nd4 31. Bd1 Ke6 32. f4 g6 33. Bb2 Kd6 34. fxe5+ Qxe5 35. Ke3 Qg5+ 36. Kf2 Qe5 37. Ke3 f5 38. Bxd4 cxd4+ 39. Qxd4+ Qxd4+ 40. Kxd4 Bxe4 41. Be2 h6 42. Bd1 g5 43. g4 Bb1 44. h3 f4 45. Bf3 Bg6 46. h4 gxh4 47. Bg2 Bc2 48. Kc3 Bd1 49. Bh3 Kc5 50. Kb2 Kb4 0-1

[Event "World ol U16"]
[White "Nikolopoulos, Georgios"]
[Black "Saheli, Nath"]
[Site "Denizli"]
[Round "6"]
[Result "1-0"]
[Date "2003.08.08"]
[WhiteElo "2097"]
[BlackElo "2102"]
[PlyCount "134"]
[EventDate "2003.08.02"]
[EventType "team-swiss"]
[EventRounds "10"]
[EventCountry "TUR"]
[SourceTitle "CBM 095 Extra"]
[Source "ChessBase"]
[SourceDate "2003.09.04"]
[SourceVersion "1"]
[SourceVersionDate "2003.09.04"]
[SourceQuality "1"]

1. e4 d6 2. d4 g6 3. Nc3 c6 4. f3 b5 5. Be3 Bg7 6. Qd2 a6 7. 0-0-0 Nd7 8. g4 Qa5 9. g5 Rb8 10. Kb1 Nb6 11. Nce2 Qxd2 12. Bxd2 h6 13. gxh6 Nxh6 14. Bc1 f5 15. Nf4 fxe4 16. Nxg6 Rg8 17. fxe4 Ng4 18. Nh3 Bxd4 19. Nxe7 Kxe7 20. Rxd4 c5 21. Rd1 Be6 22. Be2 Nf6 23. Ng5 Bg4 24. Bxg4 Nxg4 25. Rdf1 Rbf8 26. h3 Ne5 27. Rxf8 Rxf8 28. h4 Rh8 29. h5 Nbd7 30. h6 Nf6 31. h7 Ng6 32. b3 Ne5 33. Bb2 Kf8 34. Rf1 Kg7 35. Rf5 Re8 36. Kc1 Nxh7 37. Nf3 Kh6 38. Bxe5 dxe5 39. Nxe5 Ng5 40. Nf7+ Nxf7 41. Rxf7 Rxe4 42. Rf6+ Kg5 43. Rxa6 b4 44. Ra5 Re5 45. c3 bxc3 46. Kc2 Kf6 47. Kxc3 Ke6 48. Kc4 Kd6 49. Ra6+ Kc7 50. a4 Kb7 51. Rd6 Re3 52. Rd3 Re1 53. Kxc5 Ka6 54. Rd6+ Ka5 55. b4+ Kxa4 56. Ra6+ Kb3 57. b5 Rc1+ 58. Kb6 Kb4 59. Ra5 Rg1 60. Ka6 Rg5 61. Ra1 Rg8 62. Rb1+ Kc5 63. b6 Ra8+ 64. Kb7 Ra4 65. Kc8 Ra8+ 66. Kd7 Rb8 67. b7 Kd5 1-0

[Event "Asia-ch U20 Girls 26th"]
[White "Gomes, Mary Ann"]
[Black "Saheli, Nath"]
[Site "Negombo"]
[Round "10"]
[Result "0-1"]
[Date "2003.07.25"]
[WhiteElo "2126"]
[BlackElo "2102"]
[PlyCount "78"]
[EventDate "2003.07.18"]
[EventType "swiss"]
[EventRounds "10"]
[EventCountry "SRI"]
[SourceTitle "CBM 095 Extra"]
[Source "ChessBase"]
[SourceDate "2003.09.04"]
[SourceVersion "1"]
[SourceVersionDate "2003.09.04"]
[SourceQuality "1"]

1. f4 d5 2. Nf3 Nf6 3. g3 g6 4. Bg2 Bg7 5. 0-0 0-0 6. d3 c5 7. c3 Nc6 8. Qc2 d4 9. Bd2 Nd5 10. Na3 Bg4 11. Nc4 Rc8 12. a4 Bxf3 13. Bxf3 Nb6 14. Na3 e6 15. Qd1 Qd7 16. c4 Qe7 17. a5 Nd7 18. Nc2 e5 19. f5 gxf5 20. Bg2 e4 21. Rxf5 e3 22. Be1 Nf6 23. h3 Ne5 24. g4 Ne8 25. b4 b6 26. axb6 axb6 27. Ra6 Nd6 28. Rh5 Rb8 29. Bh4 Qc7 30. Bd5 Nc8 31. bxc5 Ng6 32. Qe1 bxc5 33. Bg3 Nf4 34. Kh2 Ne7 35. Be4 Neg6 36. Qf1 Be5 37. Rc6 Nxh5 38. gxh5 Bxg3+ 39. Kh1 Qf4 0-1

[Event "Asia-ch U20 Girls 26th"]
[White "Luong, Phuong Hanh"]
[Black "Saheli, Nath"]
[Site "Negombo"]
[Round "8"]
[Result "0-1"]
[Date "2003.07.24"]
[WhiteElo "2143"]
[BlackElo "2102"]
[PlyCount "92"]
[EventDate "2003.07.18"]
[EventType "swiss"]
[EventRounds "10"]
[EventCountry "SRI"]
[SourceTitle "CBM 095 Extra"]
[Source "ChessBase"]
[SourceDate "2003.09.04"]
[SourceVersion "1"]
[SourceVersionDate "2003.09.04"]
[SourceQuality "1"]

1. Nf3 d5 2. g3 Nf6 3. Bg2 Bf5 4. b3 e6 5. Bb2 h6 6. 0-0 Be7 7. Ne5 0-0 8. d4 Nbd7 9. Nd2 c5 10. Nxd7 Nxd7 11. e4 dxe4 12. Nxe4 Rb8 13. Qe2 Qc7 14. Rad1 Bxe4 15. Bxe4 Bf6 16. c3 cxd4 17. cxd4 Nb6 18. Bc1 Qe7 19. Qh5 Bg5 20. Bb2 f5 21. Bg2 Qf7 22. Qe2 Nd5 23. Rfe1 Rfe8 24. Bf3 Rbc8 25. Bh5 g6 26. Bf3 a6 27. a3 Qd7 28. Qd3 Kf7 29. h4 Bf6 30. Qd2 Kg7 31. Re2 g5 32. Bh5 Rh8 33. Rde1 Rc6 34. Rc1 Rb6 35. a4 gxh4 36. Qe1 hxg3 37. fxg3 a5 38. Kh2 Rxb3 39. Qxa5 Qd6 40. Rg1 Kh7 41. Rgg2 Ne3 42. Rgf2 Nc4 43. Qe1 Qxg3+ 44. Kh1 Bh4 45. Bc1 Qh3+ 46. Rh2 Bxe1 0-1